Сборник наказателни закони (Запис номер 8578)
[ съкратено ]
| 000 -Лидер | |
|---|---|
| Контролно поле с фиксирана дължина | 01560nam a2200349 c 4500 |
| 003 - Код на организацията, давaща контролен номер | |
| Контролно поле | BLK |
| 005 - Дата и час на последна редакция | |
| Контролно поле | 20201127151459.0 |
| 008 - Елементи от данни с фиксирана дължина | |
| fixed length control field | 180412b bul|||||r ||||||| ||bul|| |
| 010 ## - Наследен системен номер | |
| LC control number | KNG00009935000 |
| 020 ## - Международен стандартен номер на книга ISBN | |
| Международен стандартен номер на книга ISBN | 954-638-020-2 |
| -- | издат.: Софи-Р |
| 040 ## - Източник на каталожния запис | |
| Идентификатор на билиотеката - собственик на записа | BLK |
| 041 ## - Код за език | |
| Код за езика на текст/звукозапис или на отделно заглавие | Български |
| Код за езика КДБФ | Български |
| 080 ## - УДК | |
| Текстов определител УДК | Опазване на обществения ред и спокойствие |
| УДК код - определител по УДК | 351.75 |
| УДК определител | :343.21(497.2)(094.4) |
| УДК - код + определител | 351.75:343.21(497.2)(094.4) |
| 080 ## - УДК | |
| Текстов определител УДК | Опазване на обществения ред и спокойствие |
| УДК код - определител по УДК | 351.75 |
| УДК определител | :343.1(497.2)(094.4) |
| УДК - код + определител | 351.75:343.1(497.2)(094.4) |
| 139 ## - Редно поле | |
| Редна дума | България. Закони и др. п. |
| Авторски знак | Бъл - Б 92 |
| 245 10 - Сведения за заглавието | |
| Заглавие | Сборник наказателни закони |
| Редно поле (дума) | ред. Антония Керчева. |
| 257 ## - Страна на издаване | |
| Страна на създаване/издаване | България |
| 260 ## - Област на издателските данни | |
| -- | София |
| Име на издателя, разпространителя и проч. | Софи-Р |
| Година на издаване | 1995 |
| 300 ## - Физическа характеристика | |
| Страници | 479 с. |
| Размери/Мащаб | 20 см |
| 380 ## - Жанр | |
| Жанр | Обществени науки |
| 650 #4 - Допълнително описание по предмет – тема | |
| Основно описание – тема или топоним | Наказателен кодекс - България |
| 9 (RLIN) | 245467 |
| 650 #4 - Допълнително описание по предмет – тема | |
| Основно описание – тема или топоним | Наказателно-процесуален кодекс - България |
| 9 (RLIN) | 247438 |
| 650 #4 - Допълнително описание по предмет – тема | |
| Основно описание – тема или топоним | Наказателно право - България - законодателни и директивни материали |
| 9 (RLIN) | 253618 |
| 653 ## - Ключова дума – ненормативна | |
| Ключова дума | наказателно-процесуално право |
| 700 1# - Други автори (авторска отговорност) | |
| Лично име | Керчева, Антония |
| Автороска отговорност (Описва отношението между автора и произведението) | ред. |
| 9 (RLIN) | 253617 |
| 710 1# - Име на организация или юридическо лице като допълнителен термин за търсене | |
| Наименование на организация или юридическо лице като редна дума | България. Закони и др. п. |
| 9 (RLIN) | 243213 |
| 852 ## - Местоположение | |
| Форматна сигнатура | Цб 184851 |
| 856 4# - Електронен адрес и достъп | |
| Електронен формат | pdf - файл |
| Път до файла /url/ | |
| 856 4# - Електронен адрес и достъп | |
| Електронен формат | pdf - файл |
| Път до файла /url/ | |
| 942 ## - АРТИКУЛИ | |
| Вид на библиотечния материал | Книги |
| Скрит в OPAC | Не |
| Koha issues (borrowed), all copies | 4 |
| 944 ## - СЪЗДАВАНЕ И РЕДАКЦИЯ на ЗАПИСА | |
| Създаване/Редакция | Създаване |
| Дата на регистрацията/редакция | 15.01.2003 |
| Статус, дата на статуса | ф / |
| Служител, извършил регистрацията/редакцията | Симона_Петрова |
| 944 ## - СЪЗДАВАНЕ И РЕДАКЦИЯ на ЗАПИСА | |
| Създаване/Редакция | Редакция |
| Дата на регистрацията/редакция | 05.08.2014 |
| Статус, дата на статуса | ф / |
| Служител, извършил регистрацията/редакцията | |
| 999 ## - СИСТЕМНИ КОНТРОЛНИ НОМЕРА | |
| Koha biblionumber | 8578 |
| Koha biblioitemnumber | 8578 |
| Код за отписване | Код за изгубен артикул | Източник на класификационната схема | Код за повреда | Коз за рестрикции | Код за отдаване | Артикулен № | Име на библиотеката - собственик | Име на библиотеката, в която се намира в момента | Статус (Текущо местоположение) | Дата на вписване в системата | Местоположение - отдел | Цена в лева | Инвентарен номер | Систематично азбучна сигнатура | Баркод | Номер на екземпляра | Цена в евро | Служебна бележка | Служебен тип на артикула |
|---|---|---|---|---|---|---|---|---|---|---|---|---|---|---|---|---|---|---|---|
| Изтеглен | Не е изгубен | Universal Decimal Classification | Не е повреден | без рестрикции | заемане за дома | 14890 | Регионална библиотека "Любен Каравелов" Русе | Регионална библиотека "Любен Каравелов" Русе | Заемна - подръчен фонд | 2001-01-01 | Заемна - подръчен фонд | 2.25 | 616556 | П 351/Б 92 | 616556 | 1 | 1.15 | Дата инв: 05.02.2018 Бележки инв: П2018 | Книги |
| Изтеглен | Не е изгубен | Universal Decimal Classification | Не е повреден | без рестрикции | заемане за дома | 14891 | Регионална библиотека "Любен Каравелов" Русе | Регионална библиотека "Любен Каравелов" Русе | Заемна - подръчен фонд | 2001-01-01 | Заемна - подръчен фонд | 2.25 | 616557 | П 351/Б 92 | 616557 | 2 | 1.15 | Книги | |
| Изтеглен | Не е изгубен | Universal Decimal Classification | Не е повреден | без рестрикции | заемане за дома | 14892 | Регионална библиотека "Любен Каравелов" Русе | Регионална библиотека "Любен Каравелов" Русе | Заемна - подръчен фонд | 2001-01-01 | Заемна - подръчен фонд | 2.25 | 616558 | П 351/Б 92 | 616558 | 3 | 1.15 | Книги | |
| Не е изгубен | Universal Decimal Classification | Не е повреден | без рестрикции | ползва се в читалня | 14893 | Регионална библиотека "Любен Каравелов" Русе | Регионална библиотека "Любен Каравелов" Русе | Хранилище | 2001-01-01 | Хранилище | 0.00 | 618591 | Цб 184851 | 120000618591 | 4 | 0.00 | Дата инв: 18.08.2014 Бележки инв: Цб2014 | Книги |